000 01351nam2a2200289 4500
001 rc\2852576
005 20260315050257.0
035 _a(NLR Aleph) 007007355
090 _a13576683
_c13576683
100 _a20110706d1932 u y0rusy50 ca
101 0 _aeng
_arus
102 _aRU
105 _ay z |||||
200 1 _aСельское хозяйство
_fМ.М. Морозов и С[ергей] С[ергеевич] Толстой
_gПод общ. ред. спец. Наркомзеиа РСФСР Х.Н. Абрикосова
210 _d1932
215 _a112 с.
300 _aНа тит. л.: "М.М. Морозов и С.С. Толстой. Русско-английский разговорник ...", на обл. авторы не указаны
461 0 _1001rc\2852575
_12001#$aРусско-английский разговорник$vВып. 4
_95779884
_cМосква
_d1931
_e2-е изд.
_nЦентриздат
_tРусско-английский разговорник
_vВып. 4
517 0 0 _aРусско-английский разговорник
700 1 _aМорозов
_bМ.М.
701 1 _aТолстой
_bС.С.
_gСергей Сергеевич
702 1 _aАбрикосов
_bХ.Н.
_4340
801 0 _aRU
_bNLR
_gpsbo
801 1 _aRU
_bELAR
_2rusmarc
852 _aNLR
_j32-15/4(4)
942 _cUNSPEC
980 _aNB